7.000 gallinas y un camello (Record no. 175498)
[ view plain ]
| 000 -LEADER | |
|---|---|
| campo de control de longitud fija | 00711nam a2200217 i 4500 |
| 001 - NÚMERO DE CONTROL | |
| campo de control | 175498 |
| 003 - IDENTIFICADOR DE NÚMERO DE CONTROL | |
| campo de control | ES-MaACL |
| 005 - FECHA Y HORA DE LA ÚLTIMA TRANSACCIÓN | |
| campo de control | 20230906215834.0 |
| 007 - CAMPO FIJO DE DESCRIPCIÓN FÍSICA--INFORMACIÓN GENERAL | |
| campo de control de longitud fija | t| |
| 008 - DATOS DE LONGITUD FIJA--INFORMACIÓN GENERAL | |
| campo de control de longitud fija | 101102s1983 sp f r ||||1| spa d |
| 020 ## - NÚMERO INTERNACIONAL ESTÁNDAR DEL LIBRO | |
| Número Internacional Estándar del Libro | 84-300-8919-5 |
| 080 ## - NÚMERO DE LA CLASIFICACIÓN DECIMAL UNIVERSAL | |
| Número de la Clasificación Decimal Universal | 821.134.2-2"19" |
| 100 1# - ENTRADA PRINCIPAL--NOMBRE DE PERSONA | |
| Nombre de persona | Campos García, Jesús. |
| 9 (RLIN) | 34271 |
| 245 10 - MENCIÓN DEL TÍTULO | |
| Título | 7.000 gallinas y un camello |
| Resto del título | : premio Lope de Vega del Exmo. Ayuntamiento de Madrid / |
| Mención de responsabilidad, etc. | de Jesús Campos García. |
| 260 ## - PUBLICACIÓN, DISTRIBUCIÓN, ETC. | |
| Lugar de publicación, distribución, etc. | [S. l. ] : |
| Nombre del editor, distribuidor, etc. | Jesús Campos García, |
| Fecha de publicación, distribución, etc. | D. L. 1983. |
| 300 ## - DESCRIPCIÓN FÍSICA | |
| Extensión | 111, [12] p. de lám. ; |
| Dimensiones | 18 cm. |
| 490 1# - MENCIÓN DE SERIE | |
| Mención de serie | La avispa. Teatro ; |
| Designación de volumen o secuencia | 2 |
| 830 0# - PUNTO DE ACCESO ADICIONAL DE SERIE-TÍTULO UNIFORME | |
| Título uniforme | La avispa. Teatro ; |
| Designación de volumen o secuencia | 2 |
| 9 (RLIN) | 189783 |
| 852 ## - LOCALIZACIÓN | |
| Ubicación | ES-MaACL |
| Número de control de estantería | 2264-F-3 |
| Encuadernación | Olim P-269 |
| Estatus retirado | Estado de pérdida | Estado de daño | No para préstamo | Colección | Biblioteca de origen | Biblioteca actual | Ubicación en estantería | Fecha de adquisición | Fuente de adquisición | Total de préstamos | Signatura topográfica completa | Código de barras | Visto por última vez | Precio de reemplazo | Tipo de ítem Koha |
|---|---|---|---|---|---|---|---|---|---|---|---|---|---|---|---|
| Colección de folletos | Biblioteca del Ateneo de Madrid | Biblioteca del Ateneo de Madrid | Depósito folletos | 02/11/2010 | 2264-F-3 | 1184274 | 23/02/2023 | 23/02/2023 | Folleto |
